Management ethics : An intercultural perspective

Αποθηκεύτηκε σε:
Λεπτομέρειες βιβλιογραφικής εγγραφής
Κύριος συγγραφέας: Evans, William A.
Μορφή: Βιβλίο
Γλώσσα:English
Δημοσίευση: Boston : Kluwer, 1981
Σειρά:Dimensions of international business
Θέματα:
Ετικέτες: Προσθήκη ετικέτας
Δεν υπάρχουν, Καταχωρήστε ετικέτα πρώτοι!

MARC

LEADER 00000nam a2200000 i 4500
001 1/37476
008 960318s1981 eng d
020 |a 0898380553 
035 |l 10024683 
040 |a GR-MY-UA  |b gre  |e aacr 
041 0 |a eng 
082 0 |a 658.408 
100 1 |a Evans, William A. 
245 1 0 |a Management ethics : An intercultural perspective 
260 |a Boston :   |b Kluwer,   |c 1981 
300 |a 224 p. 
490 1 |a Dimensions of international business 
650 0 0 |a Industries  |x Social aspects. 
650 0 0 |a Business ethics. 
830 0 |a Dimensions of international business 
852 |a INST  |b CHIOS  |e 19960318  |h 658.408 EVA  |p 005200004354  |q 005200004354  |t BK  |y 0 
909 |a Χ  |b 010358